000 00255nam a2200097Ia 4500
008 120527s9999 xx 000 0 und d
100 _aCUNNINGHAM,Steve.
245 _aComputer graphics using object-orientated programming.
260 _bWiley.
942 _cBK
999 _c24026
_d24026